000 00290nam a22001337a 4500
008 171219b xxu||||| |||| 00| 0 eng d
020 _a9780134352947
041 _aeng
080 _a82
100 _a21
101 _aGJU
245 _aPRENTICE HAL LITERATURE
_cBRONZE
942 _2udc
_cBK
999 _c39142
_d39142